=LDR 00000nam 2200000 4500 =001 INLIS000000000011253 =005 20130612102833 =008 ***********************************Ind** =035 ##$$0010-061300000011253 =041 ##$$a Ind =082 ##$$a 616.951 =090 ##$$a 616.951, Nab a =100 ##$$a Neber,Jhonatahan =245 ##$$a aids dan anda apa yang perlu anda ketahui, Jhonathan weber; oleh bahana, FX.Budianto =260 ##$$a 1986 $b Jakarta =300 ##$$a viii, 106 hlm., 19 cm =650 ##$$a Sindrianua defisiensi analogis =700 ##$$a Budiyanto, FX =850 ##$$a NBPNMAT